000
00251nam a2200109Ia 4500
008
180117s9999 xx 000 0 und d
245
_a
Agri-Talk
260
_c
2017
300
_a
, 2017 May 21
440
_a
Philippine Panorama
650
_a
AGRICULTURE
999
_c
353503
_d
353503